00684nam a2200205Ia 4500003000900000008004100009020001800050040001600068080001700084245007800101260003100179300001400210650002700224650004100251650002700292700003400319942000700353999001500360952010300375IN-BaIIA211028s9999 xx 000 0 eng d a0-262-02137-4 cIIA Library a52(091)bAST 0aAstronomy of the ancientscedited by Kenneth Brecher and Michael Feirtag  aCambridgebMIT Pressc1979 aix, 206p. aArchaeoastronomy92299 aAstronomy and astrophysics thesaurus aAstronomy-history9900 aBrecher, Kenneth., ed.911291 cBK c6595d6595 00104070aBANbBANcGENd1980-09-16l0o52(091)/ ASTp7335r2021-11-05w1980-09-16yBKG£ 10.70